| 000 | 00387nam a2200145Ia 4500 | ||
|---|---|---|---|
| 008 | 210210b1975 xxu||||| |||| 00| 0 eng d | ||
| 082 | _a795.4 WOOP | ||
| 100 | _aWOOD (B H) and INGS (F R). | ||
| 245 | _aPopular card games: how to play and win. | ||
| 260 |
_aNew York. _bW Foulsham and Co., _c1975 |
||
| 300 | _a96 | ||
| 650 | _aCard Games | ||
| 690 | _aIndoor Games | ||
| 906 | _a031266 | ||
| 999 |
_c82386 _d82386 |
||